00724nam a2200193 i 450000100060000000300090000600500170001500700030003200800410003510000280007624500510010426000460015530000300020149000610023183000690029285200310036199900170039295201210040963434ES-MaACL20230906164851.0t|031210s1943 sp ||||1| spa d1 aFerrer, Ricardo.95043510aConstrucciones rurales / cpor Ricardo Ferrer. aBarcelona : bAraluce, c[1943] (fMyria) a329 p. : bil. ; c19 cm.1 aWan Dober. Biblioteca de artes aplicadas y de industrias0 aWan Dober. Biblioteca de artes aplicadas y de industrias9182889 aES-MaACLjD-1482 bR.23670 c63434d63434 00104070aATENEOMbATENEOMcSVId2008-01-17eSCl0oD-1482p901066488r2023-02-23 00:00:00w2023-02-23yMONOGRAFIA